00419nam a2200157Ia 4500008004100000020001000041040001900051041001200070082002900082100001300111245003300124260003700157300002100194650002400215850002200239131103s9999 xx 000 0 und d cRs.75 aLoreto College aEnglish a891.431/TULbLCLIB/37729 aTulsidas aSreeramcharitmanascTulsidas aGorakhpurbGeeta Pressc[19 - ?] a1031p. c 32 cm. aHindi - Epic Poetry aLCLIB/891.431/TUL